[Event "30th WCh U20 Girls"]
[Site "Athens GRE"]
[Date "2012.08.07"]
[Round "6"]
[White "Wang Jue"]
[Black "Imeeva, Aisa"]
[Result "1-0"]
[WhiteElo "2355"]
[BlackElo "2095"]
[EventDate "2012.08.02"]
[PlyCount "121"]

1.e4 e5 2.Nf3 Nc6 3.Bb5 a6 4.Ba4 Nf6 5.O-O Be7 6.Re1 b5 7.Bb3 O-O 8.c3 d6 
9.h3 Na5 10.Bc2 c5 11.d4 Qc7 12.Nbd2 cxd4 13.cxd4 Nc6 14.Nb3 a5 15.Be3 a4 
16.Nbd2 Bd7 17.Rc1 Qb7 18.Qe2 Rfe8 19.Bd3 Rab8 20.dxe5 dxe5 21.Bc5 Bxc5 
22.Rxc5 b4 23.Nc4 Qa7 24.Qe3 Nd4 25.Rxe5 Nxf3+ 26.gxf3 Qxe3 27.Rxe3 Rxe5 
28.Nxe5 Bxh3 29.Bc4 Be6 30.Bxe6 fxe6 31.Rd3 Nh5 32.Rd6 Nf4 33.Ra6 a3 34.
bxa3 bxa3 35.Rxa3 h5 36.Nd3 Rb1+ 37.Kh2 Nxd3 38.Rxd3 Rb2 39.a3 Rxf2+ 40.
Kg3 Ra2 41.Kh4 Kf7 42.Kxh5 Kf6 43.Kg4 Ke5 44.Rb3 Rg2+ 45.Kh3 Rg6 46.a4 Kf4
47.a5 e5 48.Ra3 Ra6 49.Kg2 g5 50.Ra4 g4 51.fxg4 Kxg4 52.Kf2 Ra7 53.Ke3 Kg3
54.a6 Kg4 55.Ra5 Kg3 56.Rxe5 Rxa6 57.Rg5+ Kh4 58.Rg1 Kh5 59.Kf4 Rf6+ 60.
Ke5 Rf8 61.Kd6 1-0

[Event "30th WCh U20 Girls"]
[Site "Athens GRE"]
[Date "2012.08.07"]
[Round "6"]
[White "Aulia, Medina Warda"]
[Black "Semenova, Elena"]
[Result "1/2-1/2"]
[WhiteElo "2218"]
[BlackElo "2134"]
[EventDate "2012.08.02"]
[PlyCount "86"]

1.e4 e5 2.Nf3 Nc6 3.Bc4 Nf6 4.d3 Be7 5.c3 O-O 6.O-O d6 7.Bb3 Kh8 8.Ng5 d5 
9.exd5 Nxd5 10.Qh5 Bxg5 11.Bxg5 f6 12.Bc1 Be6 13.Qh4 Qd7 14.Bc2 Bf5 15.Nd2
g5 16.Qa4 Nb6 17.Qb3 Bxd3 18.Bxd3 Qxd3 19.a4 Na5 20.Qb5 Qd5 21.b4 Qxb5 22.
axb5 Nac4 23.Ne4 Nd6 24.Nxd6 cxd6 25.Be3 Rfd8 26.Rxa7 Rxa7 27.Bxb6 Raa8 
28.Bxd8 Rxd8 29.Rd1 Kg7 30.c4 Kf7 31.c5 Ke7 32.c6 Rc8 33.Rc1 d5 34.Rc5 d4 
35.cxb7 Rb8 36.Rc7+ Kd6 37.b6 e4 38.Kf1 h5 39.Ke2 f5 40.g3 Ke5 41.Rc5+ Ke6
42.Rc7 Ke5 43.Rc5+ Ke6 1/2-1/2

[Event "30th WCh U20 Girls"]
[Site "Athens GRE"]
[Date "2012.08.07"]
[Round "6"]
[White "Abdulla, Khayala"]
[Black "Khaled, Mouna"]
[Result "0-1"]
[WhiteElo "2217"]
[BlackElo "2121"]
[EventDate "2012.08.02"]
[PlyCount "70"]

1.e4 e5 2.Nf3 Nc6 3.Bb5 Nge7 4.O-O d6 5.c3 Bd7 6.d4 g6 7.Bg5 Bg7 8.Qd2 O-O
9.Bh6 Nxd4 10.Nxd4 Bxh6 11.Qxh6 exd4 12.Bd3 dxc3 13.Nxc3 Bc6 14.f4 f5 15.
Rae1 fxe4 16.Bxe4 Nf5 17.Qh3 d5 18.Rd1 d4 19.Rfe1 Qf6 20.Bd5+ Bxd5 21.Nxd5
Qd6 22.Qb3 Rf7 23.g4 Rd8 24.Re5 Nh4 25.Rxd4 Kg7 26.Ree4 Qc5 27.Kf1 Rfd7 
28.Qg3 Rxd5 29.Qxh4 Qb5+ 30.Kg1 Qb6 31.Re7+ Kf8 32.Qh6+ Kxe7 33.Qg7+ Kd6 
34.Qf6+ Kc5 35.b4+ Kb5 0-1

[Event "30th WCh U20 Girls"]
[Site "Athens GRE"]
[Date "2012.08.07"]
[Round "6"]
[White "Batkovskyte, Dominyka"]
[Black "Rodriguez Rueda, Paula Andrea"]
[Result "0-1"]
[WhiteElo "2096"]
[BlackElo "2196"]
[EventDate "2012.08.02"]
[PlyCount "152"]

1.d4 Nf6 2.c4 e6 3.Nc3 d5 4.Nf3 c5 5.cxd5 Nxd5 6.e4 Nxc3 7.bxc3 cxd4 8.
cxd4 Bb4+ 9.Bd2 Bxd2+ 10.Qxd2 O-O 11.Rb1 b6 12.Bd3 Nc6 13.Qe3 Bb7 14.O-O 
Qe7 15.Rfc1 Rfd8 16.Rb3 Rac8 17.Rbc3 h6 18.Bb5 Na5 19.Rxc8 Rxc8 20.Rxc8+ 
Bxc8 21.Qc3 Bb7 22.Nd2 Qd6 23.f3 a6 24.Bf1 Nc6 25.Nc4 Qd8 26.d5 exd5 27.
exd5 Qxd5 28.Nxb6 Qxa2 29.Nc4 Qb1 30.Kf2 a5 31.Bd3 Qb4 32.Qxb4 Nxb4 33.Bf5
a4 34.Ke3 Bd5 35.Na3 g6 36.Bb1 Bb3 37.Kd4 Nd5 38.Be4 Nf4 39.g3 Ne6+ 40.Kc3
Kg7 41.Bc6 Kf6 42.Nb1 Ke5 43.Nd2 f5 44.f4+ Kd6 45.Be8 g5 46.fxg5 Nxg5 47.
Nxb3 Ne4+ 48.Kc2 axb3+ 49.Kxb3 Nd2+ 50.Kc3 Nf1 51.Kd4 Nxh2 52.Bh5 Nf1 53.
Be2 Nxg3 54.Bf3 h5 55.Bg2 Ke6 56.Bh3 Kf6 57.Ke3 Ke5 58.Kf3 Ne4 59.Ke3 Ng5 
60.Bf1 f4+ 61.Kf2 Ke4 62.Bb5 h4 63.Bc6+ Kf5 64.Bb7 Kg4 65.Bc8+ Kh5 66.Bd7 
h3 67.Bc6 Kg4 68.Bd7+ Kh4 69.Bc6 Ne6 70.Bd5 Nd4 71.Be4 Kg4 72.Bb7 f3 73.
Kg1 Kg3 74.Kh1 Nf5 75.Be4 Ne3 76.Bd3 Nd1 0-1

[Event "30th WCh U20 Girls"]
[Site "Athens GRE"]
[Date "2012.08.07"]
[Round "6"]
[White "Varga, Klara"]
[Black "De Seroux, Camille"]
[Result "1-0"]
[WhiteElo "2181"]
[BlackElo "2101"]
[EventDate "2012.08.02"]
[PlyCount "69"]

1.e4 c5 2.Nf3 d6 3.d4 cxd4 4.Qxd4 Nc6 5.Bb5 Bd7 6.Bxc6 Bxc6 7.Nc3 Nf6 8.
Bg5 e6 9.O-O-O Be7 10.Qd3 O-O 11.Nd4 a6 12.f4 Qa5 13.Kb1 Rac8 14.g4 b5 15.
Bxf6 Bxf6 16.Nce2 Bb7 17.Nb3 Qb4 18.Ng3 a5 19.Rhe1 Rc4 20.Qxd6 Bxe4 21.
Nxe4 Rxe4 22.Rxe4 Qxe4 23.g5 Bxb2 24.Kxb2 a4 25.Qd4 Qe2 26.Nc5 Qxh2 27.Qe4
g6 28.a3 Rc8 29.Nxe6 b4 30.Rd8+ Rxd8 31.Nxd8 bxa3+ 32.Ka2 Kf8 33.Qc4 Ke8 
34.Nxf7 Qd2 35.Ne5 1-0

[Event "30th WCh U20 Girls"]
[Site "Athens GRE"]
[Date "2012.08.07"]
[Round "6"]
[White "Ibrahimova, Sabina"]
[Black "Iordanidou, Zoi"]
[Result "1/2-1/2"]
[WhiteElo "2091"]
[BlackElo "2166"]
[EventDate "2012.08.02"]
[PlyCount "73"]

1.e4 c6 2.d4 d5 3.Nc3 dxe4 4.Nxe4 Bf5 5.Qf3 e6 6.c3 Be7 7.Bd3 Bg6 8.Ne2 
Nf6 9.N2g3 Nbd7 10.O-O Nxe4 11.Bxe4 Nf6 12.Bb1 Bxb1 13.Rxb1 Qd5 14.Qxd5 
cxd5 15.Re1 Kd7 16.Ne2 Rac8 17.Nf4 Ne8 18.Nd3 f6 19.Re2 g5 20.Bd2 Ng7 21.
Rbe1 Bd6 22.f4 h6 23.g4 b6 24.Rf1 Rcf8 25.Ref2 Ne8 26.Re2 Rhg8 27.f5 Nc7 
28.fxe6+ Nxe6 29.Rf5 Nc7 30.Ref2 Ke6 31.b3 Be7 32.c4 Re8 33.Re2+ Kd7 34.
Ref2 Bd8 35.h3 Re4 36.Bc3 Rge8 37.Kg2 1/2-1/2

[Event "30th WCh U20 Girls"]
[Site "Athens GRE"]
[Date "2012.08.07"]
[Round "6"]
[White "Manelidou, Maria"]
[Black "Sihite, Chelsie Monica"]
[Result "0-1"]
[WhiteElo "2056"]
[BlackElo "2162"]
[EventDate "2012.08.02"]
[PlyCount "77"]

1.e4 e5 2.Nf3 Nc6 3.Bc4 Bc5 4.c3 Nf6 5.d3 O-O 6.Bb3 d5 7.Qe2 h6 8.O-O Re8 
9.exd5 Nxd5 10.d4 Bb6 11.dxe5 Bg4 12.Qe4 Bxf3 13.Qxf3 Rxe5 14.Na3 Bc5 15.
Nc4 Re7 16.Rd1 Qe8 17.Kf1 Nb6 18.Nxb6 axb6 19.Bf4 Ne5 20.Qg3 Kh8 21.Re1 
Qb5+ 22.c4 Nxc4 23.Kg1 Rae8 24.Rxe7 Rxe7 25.Bxh6 gxh6 26.Qf4 Ne5 27.Qxh6+ 
Kg8 28.Bc2 Bxf2+ 29.Kh1 Nd3 30.Bxd3 Qxd3 31.Qg5+ Kf8 32.Qf6 Bd4 33.Qh6+ 
Bg7 34.Qh4 Bxb2 35.Rg1 Bd4 36.Rc1 Qe4 37.Qh6+ Bg7 38.Qd2 Qe3 39.Qd1 0-1

[Event "30th WCh U20 Girls"]
[Site "Athens GRE"]
[Date "2012.08.07"]
[Round "6"]
[White "Kulkarni, Bhakti Pradip"]
[Black "Nevioselaya, Maria"]
[Result "1-0"]
[WhiteElo "2159"]
[BlackElo "2057"]
[EventDate "2012.08.02"]
[PlyCount "93"]

1.d4 d5 2.c4 c6 3.Nf3 Nf6 4.Qc2 dxc4 5.Qxc4 Bf5 6.g3 e6 7.Bg2 Be7 8.O-O 
O-O 9.Nc3 Nbd7 10.e3 Nb6 11.Qe2 Nbd5 12.Ne5 Bg6 13.e4 Nb6 14.Be3 Nbd7 15.
Nxg6 hxg6 16.Rfd1 Ne8 17.d5 exd5 18.exd5 c5 19.d6 Nxd6 20.Bf4 Nf5 21.Bxb7 
Nd4 22.Qe4 Nf6 23.Qg2 Rb8 24.Bxb8 Qxb8 25.Rab1 Ng4 26.Re1 Bd6 27.Be4 f5 
28.Bd5+ Kh7 29.Ne2 Nc2 30.Red1 g5 31.Bb3 Nd4 32.Nxd4 cxd4 33.Rxd4 Bc5 34.
Rd2 Rf6 35.Rbd1 Bb6 36.Qd5 Kg6 37.Re1 Qh8 38.Qg2 Ba5 39.Rde2 Bxe1 40.Rxe1 
Qb8 41.h3 Qb4 42.Re8 Qb5 43.Qa8 Nh6 44.Re7 f4 45.g4 Qc6 46.Qh8 Qc1+ 47.Kh2
1-0

[Event "30th WCh U20 Girls"]
[Site "Athens GRE"]
[Date "2012.08.07"]
[Round "6"]
[White "Unapkoshvili, Nani"]
[Black "Osmak, Yulia"]
[Result "0-1"]
[WhiteElo "2011"]
[BlackElo "2171"]
[EventDate "2012.08.02"]
[PlyCount "54"]

1.d4 d5 2.c4 c6 3.Nf3 Nf6 4.Qc2 Bg4 5.Ne5 Bh5 6.g3 e6 7.Bg2 Nbd7 8.Bf4 Be7
9.O-O O-O 10.h3 Nxe5 11.Bxe5 Nd7 12.Bf4 Qb6 13.c5 Qd8 14.Nc3 f5 15.b4 g5 
16.Be5 Nxe5 17.dxe5 Qc7 18.f4 gxf4 19.gxf4 Kh8 20.Kh1 Rg8 21.e3 Rg3 22.Qd2
Rag8 23.Rf2 Bh4 24.Rg1 Qg7 25.Rff1 Bf3 26.Rxf3 Rxf3 27.Qd1 Rf2 0-1

[Event "30th WCh U20 Girls"]
[Site "Athens GRE"]
[Date "2012.08.07"]
[Round "6"]
[White "Cemhan, Kardelen"]
[Black "Pavlidou, Ekaterini"]
[Result "1-0"]
[WhiteElo "1938"]
[BlackElo "2237"]
[EventDate "2012.08.02"]
[PlyCount "107"]

1.e4 c5 2.Nf3 e6 3.d4 cxd4 4.Nxd4 Nf6 5.Nc3 Nc6 6.Ndb5 d6 7.Bf4 e5 8.Bg5 
a6 9.Na3 b5 10.Nd5 Be7 11.Nxe7 Nxe7 12.Bxf6 gxf6 13.c4 f5 14.exf5 Nxf5 15.
cxb5 Nd4 16.bxa6 Bxa6 17.Bxa6 Qa5+ 18.Qd2 Qxa6 19.Nc2 Nxc2+ 20.Qxc2 Rc8 
21.Qd2 Rg8 22.g3 Rg4 23.Qe2 Qxe2+ 24.Kxe2 Rc2+ 25.Kf3 Rg6 26.Rhf1 Rxb2 27.
a4 d5 28.Rfe1 e4+ 29.Ke3 Rc6 30.Red1 Rc5 31.a5 Ke7 32.a6 Rb3+ 33.Ke2 Rb8 
34.a7 Ra8 35.Ra6 Kd7 36.Ke3 Kc8 37.Rb1 Rc7 38.Rba1 Kb7 39.Kd4 Rc4+ 40.Kxd5
Rb4 41.Rd6 Rb2 42.Rd7+ Kb6 43.Rxf7 e3 44.fxe3 h5 45.h4 Rb3 46.Re7 Rb4 47.
e4 Rb3 48.Rg7 Rb4 49.e5 Rb2 50.Ra3 Rd2+ 51.Ke6 Re8+ 52.Kf7 Ra8 53.e6 Kc6 
54.Rg8 1-0

[Event "30th WCh U20 Girls"]
[Site "Athens GRE"]
[Date "2012.08.07"]
[Round "6"]
[White "Abdumalik, Zhansaya"]
[Black "Ivekovic, Ana"]
[Result "0-1"]
[WhiteElo "2193"]
[BlackElo "1959"]
[EventDate "2012.08.02"]
[PlyCount "112"]

1.e4 e5 2.Nf3 Nc6 3.Bb5 a6 4.Ba4 Nf6 5.O-O Be7 6.Re1 b5 7.Bb3 d6 8.c3 O-O 
9.h3 Nb8 10.d3 Nbd7 11.Nbd2 Bb7 12.Nf1 Nc5 13.Bc2 Re8 14.Ng3 Bf8 15.Be3 
Ncd7 16.Qd2 c5 17.Bg5 h6 18.Bxf6 Nxf6 19.d4 Qc7 20.d5 g6 21.Nh2 Bg7 22.Rf1
Re7 23.Rae1 Nd7 24.Ng4 Kh7 25.Ne3 c4 26.Ne2 Nc5 27.g4 Rh8 28.Ng3 Bc8 29.
Kg2 Bf6 30.Rh1 Bg5 31.f3 Bh4 32.Reg1 Kg8 33.Kf1 Qa7 34.Ke2 Bg5 35.Ngf1 a5 
36.Ng3 Ba6 37.Re1 Bf4 38.Kf2 Rb7 39.Kg2 Kh7 40.Qf2 b4 41.Nd1 bxc3 42.bxc3 
Nd3 43.Bxd3 Qxf2+ 44.Nxf2 cxd3 45.Ra1 Rb2 46.Rhe1 Rc8 47.Nf1 Rxc3 48.Kg1 
Rcc2 49.Nd1 Rxa2 50.Rxa2 Rxa2 51.Nf2 Re2 52.Ra1 d2 53.Rxa5 Rxf2 54.Nxd2 
Rxd2 55.Rxa6 Be3+ 56.Kf1 Bc5 0-1

[Event "30th WCh U20 Girls"]
[Site "Athens GRE"]
[Date "2012.08.07"]
[Round "6"]
[White "Pon Krithikha, Namasivayam"]
[Black "Lolici, Iselin-Amanda"]
[Result "1-0"]
[WhiteElo "2119"]
[BlackElo "1967"]
[EventDate "2012.08.02"]
[PlyCount "101"]

1.e4 c5 2.Nc3 g6 3.f4 Bg7 4.Nf3 e6 5.d3 Ne7 6.g3 Nbc6 7.Bh3 d6 8.O-O O-O 
9.Be3 Nd4 10.Rb1 Nec6 11.Ne1 b5 12.Ne2 Nxe2+ 13.Qxe2 Nd4 14.Qf2 f5 15.b4 
e5 16.c3 exf4 17.gxf4 Ne6 18.bxc5 Bxc3 19.cxd6 Qxd6 20.e5 Qd7 21.Nf3 Qxd3 
22.Rfd1 Qe4 23.Nh4 Qa4 24.Bg2 Rb8 25.Bxa7 Bd4 26.Rxd4 Qxa7 27.Rdb4 Qxf2+ 
28.Kxf2 Bd7 29.Bd5 Rfc8 30.R1b2 Rc5 31.Bxe6+ Bxe6 32.a4 Bd7 33.Nf3 Rd5 34.
Nd4 h6 35.axb5 g5 36.Kf3 Rc5 37.R2b3 Rb6 38.Kg3 Be6 39.Nxe6 Rxe6 40.b6 Rc8
41.b7 Rb8 42.Rc3 Ree8 43.Rb6 Red8 44.fxg5 hxg5 45.h4 f4+ 46.Kg4 gxh4 47.
Kxh4 Rf8 48.Kg4 Kg7 49.Rc7+ Kg8 50.Kf3 Kh8 51.Rg6 1-0

[Event "30th WCh U20 Girls"]
[Site "Athens GRE"]
[Date "2012.08.07"]
[Round "6"]
[White "Chiarion, Elisa"]
[Black "Furtado, Ivana Maria"]
[Result "1/2-1/2"]
[WhiteElo "1978"]
[BlackElo "2102"]
[EventDate "2012.08.02"]
[PlyCount "82"]

1.e4 e6 2.d4 d5 3.Nd2 Nf6 4.e5 Nfd7 5.Bd3 c5 6.c3 Nc6 7.Ne2 cxd4 8.cxd4 f6
9.exf6 Nxf6 10.O-O Bd6 11.Nf3 Qc7 12.Bg5 O-O 13.Bh4 Nh5 14.Qc2 h6 15.Bh7+ 
Kh8 16.Bg6 Rxf3 17.Bxh5 Rf8 18.Bg3 Bd7 19.Rac1 Rac8 20.Qd2 Rf6 21.Rc3 Rcf8
22.Qc1 Bc8 23.b4 Bxg3 24.hxg3 Qb6 25.a3 e5 26.Rc5 Be6 27.dxe5 Nxe5 28.Nf4 
Rxf4 29.gxf4 Nd3 30.Qe3 Nxc5 31.bxc5 Qc6 32.Re1 Bf7 33.Bxf7 Rxf7 34.Qe8+ 
Qxe8 35.Rxe8+ Kh7 36.Rd8 Rf5 37.Rd7 d4 38.c6 bxc6 39.Rxd4 Ra5 40.a4 c5 41.
Rc4 Kg6 1/2-1/2

[Event "30th WCh U20 Girls"]
[Site "Athens GRE"]
[Date "2012.08.07"]
[Round "6"]
[White "Kolaric, Spela"]
[Black "Nonkovic, Bogdana"]
[Result "0-1"]
[WhiteElo "2071"]
[BlackElo "1950"]
[EventDate "2012.08.02"]
[PlyCount "56"]

1.d4 d5 2.c4 e6 3.Nf3 c5 4.cxd5 exd5 5.g3 Nc6 6.Bg2 Nf6 7.O-O Be7 8.Nc3 
O-O 9.dxc5 d4 10.Nb5 Bxc5 11.Bf4 a6 12.Na3 Be6 13.Nc2 Qb6 14.Bc1 Rad8 15.
Nce1 Rfe8 16.Nd3 Bf8 17.Bg5 Be7 18.Bxf6 Bxf6 19.b4 Bc4 20.a3 Qc7 21.Rc1 b5
22.Nd2 Bd5 23.Nf3 Qb6 24.Re1 a5 25.Rb1 axb4 26.Nxb4 Nxb4 27.Rxb4 Be4 28.
Rxd4 Bxf3 0-1

[Event "30th WCh U20 Girls"]
[Site "Athens GRE"]
[Date "2012.08.07"]
[Round "6"]
[White "Messam-Sparks, Lateefah"]
[Black "Frey, Alisa"]
[Result "1-0"]
[WhiteElo "1947"]
[BlackElo "2035"]
[EventDate "2012.08.02"]
[PlyCount "81"]

1.d4 Nf6 2.c4 g6 3.Nc3 d5 4.cxd5 Nxd5 5.e4 Nxc3 6.bxc3 Bg7 7.Bc4 c5 8.Ne2 
Nc6 9.Be3 O-O 10.O-O Bd7 11.Rb1 Qc7 12.Bd3 Rad8 13.d5 Na5 14.c4 e5 15.Bd2 
b6 16.f4 f5 17.exf5 Bxf5 18.Bxf5 Rxf5 19.Bxa5 bxa5 20.g4 Rf7 21.f5 Rdf8 
22.Ng3 Bh6 23.Qd3 Kg7 24.Qc3 Qe7 25.Rb5 Kg8 26.Qd3 Qg5 27.Qe4 Qd2 28.Qe2 
Qd4+ 29.Kg2 a4 30.Rd1 Qf4 31.d6 Rd8 32.Rxc5 Bf8 33.Rcd5 Rb7 34.c5 a3 35.
R1d2 Rb4 36.Qxe5 Qc4 37.fxg6 hxg6 38.Qf6 Rb2 39.Qxg6+ Bg7 40.Qe6+ Kh8 41.
Rh5+ 1-0

[Event "30th WCh U20 Girls"]
[Site "Athens GRE"]
[Date "2012.08.07"]
[Round "6"]
[White "Sargsian, Shushanna"]
[Black "Liao, Simone"]
[Result "0-1"]
[WhiteElo "2047"]
[BlackElo "1933"]
[EventDate "2012.08.02"]
[PlyCount "94"]

1.d4 d5 2.Nf3 Nf6 3.c4 c6 4.e3 Bf5 5.Nc3 e6 6.Nh4 Be4 7.c5 Nbd7 8.Bd2 Be7 
9.Nf3 O-O 10.Be2 Qc7 11.h3 e5 12.b4 Bg6 13.O-O Ne4 14.Nxe4 Bxe4 15.Bc3 
Bxf3 16.Bxf3 e4 17.Be2 f5 18.b5 Bg5 19.bxc6 bxc6 20.Qa4 Nf6 21.Rab1 f4 22.
Ba5 Qd7 23.exf4 Bxf4 24.Rb3 Qe6 25.Qa3 Rae8 26.g3 Bh6 27.Kg2 e3 28.f4 Qe4+
29.Rf3 Qxd4 30.Bc3 Qe4 31.Bxf6 gxf6 32.Rxe3 Qc2 33.Rf2 Qg6 34.Bd1 Rxe3 35.
Qxe3 Re8 36.Qc3 Bg7 37.Bc2 Qf7 38.Bf5 Bf8 39.Rc2 Qe7 40.Qd3 Kh8 41.a4 Qe1 
42.Kf3 h5 43.Qd4 Qf1+ 44.Qf2 Qh1+ 45.Qg2 Qd1+ 46.Re2 Bxc5 47.Bc2 Re3+ 0-1

[Event "30th WCh U20 Girls"]
[Site "Athens GRE"]
[Date "2012.08.07"]
[Round "6"]
[White "Lefevre, Margaux"]
[Black "Kalaydina, Regina Veronicka"]
[Result "1/2-1/2"]
[WhiteElo "2043"]
[BlackElo "1928"]
[EventDate "2012.08.02"]
[PlyCount "162"]

1.e4 c5 2.Nf3 e6 3.d4 cxd4 4.Nxd4 Nc6 5.Nb5 d6 6.Bf4 e5 7.Be3 Nf6 8.Bg5 
Be6 9.N1c3 a6 10.Na3 Be7 11.Bxf6 Bxf6 12.Nc4 Nd4 13.Ne3 Rc8 14.Bd3 Bg5 15.
Ned5 O-O 16.O-O Kh8 17.f4 exf4 18.Nxf4 Nc6 19.Kh1 Ne5 20.Be2 Bc4 21.Ncd5 
Qa5 22.c3 Qc5 23.Nd3 Bxd3 24.Bxd3 Rfe8 25.b3 Re6 26.Bc2 Qc6 27.Qd4 Qc5 28.
Bd1 Kg8 29.Bh5 Ree8 30.Qd1 Ng6 31.Qf3 Rf8 32.Qg4 Bd8 33.Rf5 Qc6 34.Raf1 
Ne5 35.Qg3 g6 36.Be2 Kh8 37.R5f2 Qe8 38.Qh3 Rc5 39.c4 Kg7 40.Qc3 Qe6 41.
Nf4 Qd7 42.Nd3 Rc8 43.Nxe5 dxe5 44.Qxe5+ Kg8 45.Rd1 Qc7 46.Qxc7 Rxc7 47.
Bf3 Bf6 48.Rfd2 Be5 49.Rd7 Rfc8 50.g3 Rxd7 51.Rxd7 Rc7 52.Rd5 f6 53.Kg2 
Kf7 54.Kf2 Ke7 55.Bg4 Bd6 56.Be2 Rc5 57.Rd1 a5 58.Bg4 Rc7 59.Ke3 Rc5 60.
Kd4 Kf7 61.Kc3 Ke7 62.Kb2 b6 63.a3 Re5 64.Bf3 Rc5 65.Be2 Re5 66.Bd3 Rh5 
67.Rd2 Be5+ 68.Kb1 Bd6 69.Ka2 Be5 70.Rg2 Bd6 71.Be2 Re5 72.Bf3 Rc5 73.Rc2 
Rc7 74.Be2 Ke6 75.Bg4+ Ke7 76.Be2 Ke6 77.Rb2 Ra7 78.Rd2 Rc7 79.Bf1 Ke7 80.
Rd5 Rc5 81.Rd3 Re5 1/2-1/2

[Event "30th WCh U20 Girls"]
[Site "Athens GRE"]
[Date "2012.08.07"]
[Round "6"]
[White "Serefidou, Despina"]
[Black "Galunova, Tsveta"]
[Result "1/2-1/2"]
[WhiteElo "1865"]
[BlackElo "2091"]
[EventDate "2012.08.02"]
[PlyCount "70"]

1.e4 e5 2.Nf3 Nc6 3.d4 exd4 4.Nxd4 Bb4+ 5.c3 Bc5 6.Be3 Bb6 7.Nf5 Bxe3 8.
Nxe3 d6 9.c4 Nge7 10.Nc3 O-O 11.Qd2 f5 12.O-O-O Kh8 13.h4 fxe4 14.Nxe4 Nf5
15.Ng5 Nxe3 16.Qxe3 Qf6 17.f3 Ne5 18.h5 Bf5 19.h6 g6 20.Ne4 Qf7 21.Ng5 Qf6
22.Ne4 Bxe4 23.Qxe4 Qf4+ 24.Qxf4 Rxf4 25.c5 dxc5 26.Rd5 Re8 27.Rxc5 c6 28.
Ra5 a6 29.Kc2 Kg8 30.Bxa6 bxa6 31.Re1 Rf5 32.f4 Rxf4 33.Raxe5 Rf2+ 34.Kc3 
Rxe5 35.Rxe5 Rxg2 1/2-1/2

[Event "30th WCh U20 Girls"]
[Site "Athens GRE"]
[Date "2012.08.07"]
[Round "6"]
[White "Dominguez, Gisella"]
[Black "Edes, Zsofia"]
[Result "1-0"]
[WhiteElo "1831"]
[BlackElo "2081"]
[EventDate "2012.08.02"]
[PlyCount "59"]

1.e4 c5 2.Nc3 d6 3.f4 Nc6 4.Bb5 Bd7 5.Nf3 g6 6.O-O e6 7.d3 Nge7 8.Qe1 Bg7 
9.Nd1 O-O 10.Ne3 a6 11.Bxc6 bxc6 12.Rb1 a5 13.a4 Qb8 14.Qh4 Re8 15.Ng4 h5 
16.Nf6+ Bxf6 17.Qxf6 Qd8 18.b3 Nc8 19.Qc3 f6 20.e5 dxe5 21.fxe5 f5 22.Bg5 
Qb6 23.Qd2 c4+ 24.d4 c3 25.Qf4 Qb4 26.Bf6 Qf8 27.Nh4 Kh7 28.Nxg6 Kxg6 29.
Qg5+ Kh7 30.Qxh5+ 1-0

[Event "30th WCh U20 Girls"]
[Site "Athens GRE"]
[Date "2012.08.07"]
[Round "6"]
[White "Bucar, Natasa"]
[Black "Moura, Danielle Sena"]
[Result "1/2-1/2"]
[WhiteElo "2022"]
[BlackElo "1876"]
[EventDate "2012.08.02"]
[PlyCount "67"]

1.e4 Nf6 2.e5 Nd5 3.Nc3 Nxc3 4.dxc3 d5 5.Nf3 Bg4 6.h3 Bh5 7.Bf4 e6 8.c4 c6
9.cxd5 cxd5 10.Bb5+ Nc6 11.O-O Qb6 12.c4 Rd8 13.Bxc6+ Qxc6 14.cxd5 Rxd5 
15.Qe2 Bc5 16.Rac1 Qb6 17.a3 a5 18.b4 axb4 19.axb4 Qxb4 20.Be3 O-O 21.Rb1 
Qa4 22.Bxc5 Rxc5 23.Rxb7 Bxf3 24.Qxf3 Rxe5 25.Rfb1 Rf5 26.Qc3 h6 27.R7b4 
Qa7 28.Qg3 Qe7 29.h4 Qf6 30.Qe3 Re5 31.Qg3 Rf5 32.Qe3 Re5 33.Qg3 Rf5 34.
Qe3 1/2-1/2

[Event "30th WCh U20 Girls"]
[Site "Athens GRE"]
[Date "2012.08.07"]
[Round "6"]
[White "Owens, Megan"]
[Black "Anusca, Madalina-Maria"]
[Result "0-1"]
[WhiteElo "1816"]
[BlackElo "2079"]
[EventDate "2012.08.02"]
[PlyCount "148"]

1.c4 c6 2.g3 Nf6 3.Bg2 d5 4.Nf3 Bg4 5.Ne5 Bf5 6.cxd5 cxd5 7.Nc3 e6 8.Qa4+ 
Nbd7 9.g4 Bg6 10.h4 h6 11.Nxg6 fxg6 12.Qc2 Ne5 13.d4 Nexg4 14.Qxg6+ Kd7 
15.f3 Qc7 16.Rh3 h5 17.fxg4 hxg4 18.Qf7+ Be7 19.Re3 Qd6 20.Na4 b6 21.Bd2 
Raf8 22.Qg6 Ne4 23.O-O-O Nf2 24.Re1 Bf6 25.Bc3 Qf4 26.Bd2 Qxd4 27.Nc3 b5 
28.Bxd5 exd5 29.Qf5+ Kc6 30.Re6+ Kb7 31.Be3 Qc4 32.Qxd5+ Qxd5 33.Nxd5 Bxh4
34.Rg1 g3 35.Nf4 Re8 36.Bxf2 Rxe6 37.Nxe6 gxf2 38.Rf1 Re8 39.Nd4 g5 40.Kd1
Rd8 41.e3 g4 42.Ke2 Rf8 43.Ne6 Re8 44.Nd4 g3 45.Kf3 Rg8 46.Kg2 a6 47.b3 
Bg5 48.Nf5 Bf6 49.e4 Be5 50.Rh1 Bc7 51.Rh7 Kb8 52.Rh1 Ka8 53.Ne7 Re8 54.
Nd5 Bd6 55.Rh4 Rf8 56.Rh1 Kb7 57.Ne3 Rf4 58.Nf5 Bc7 59.Nxg3 Rg4 60.Kxf2 
Rxg3 61.Rh7 Rg6 62.Kf3 Kc6 63.Rh5 Re6 64.Ke2 Rxe4+ 65.Kd3 Re6 66.a4 b4 67.
Rh4 a5 68.Kc4 Bb6 69.Rg4 Rf6 70.Rh4 Bc7 71.Rh3 Rg6 72.Rf3 Rg4+ 73.Kd3 Rg3 
74.Rxg3 Bxg3 0-1

[Event "30th WCh U20 Girls"]
[Site "Athens GRE"]
[Date "2012.08.07"]
[Round "6"]
[White "Narva, Triin"]
[Black "Forsa, Elise"]
[Result "1-0"]
[WhiteElo "2028"]
[BlackElo "1836"]
[EventDate "2012.08.02"]
[PlyCount "65"]

1.e4 c5 2.Nf3 e6 3.c3 Nf6 4.e5 Nd5 5.d4 cxd4 6.Qxd4 d6 7.exd6 Nc6 8.Bb5 
Qxd6 9.O-O Bd7 10.Bxc6 Bxc6 11.Nbd2 Nf6 12.Nc4 Qxd4 13.Nxd4 Bd5 14.Ne3 Bc5
15.Nxd5 Nxd5 16.Nb3 Bb6 17.a4 Rc8 18.a5 Bc7 19.Bd2 O-O 20.c4 Nf6 21.Bb4 
Rfe8 22.Nd2 Be5 23.Rab1 Bf4 24.b3 Red8 25.Nf3 Ne4 26.Rfd1 Bd6 27.Be1 Kf8 
28.Rd4 Nf6 29.Rbd1 Be7 30.b4 Ne8 31.b5 Nd6 32.Bb4 Rxc4 33.Rxc4 1-0

[Event "30th WCh U20 Girls"]
[Site "Athens GRE"]
[Date "2012.08.07"]
[Round "6"]
[White "Medeiros, Thauane Ferreira"]
[Black "Vatkali, Dimitra"]
[Result "0-1"]
[WhiteElo "1855"]
[BlackElo "1936"]
[EventDate "2012.08.02"]
[PlyCount "106"]

1.d4 Nf6 2.Bg5 d5 3.Bxf6 gxf6 4.Nf3 c5 5.e3 e6 6.c4 cxd4 7.Nxd4 dxc4 8.
Bxc4 Nc6 9.Nc3 Nxd4 10.exd4 Bg7 11.d5 O-O 12.O-O Bd7 13.Qh5 f5 14.Rfe1 e5 
15.Bd3 Qf6 16.Re3 Qg6 17.Qh3 Qg4 18.Rae1 Qxh3 19.Rxh3 e4 20.Bb1 Rac8 21.f3
e3 22.Rh5 Bxc3 23.bxc3 Rxc3 24.Bxf5 Bxf5 25.Rxf5 Re8 26.Rf4 Rc2 27.a4 Ra2 
28.Re4 Rxe4 29.fxe4 Rxa4 30.Rxe3 Ra2 31.d6 Kf8 32.Rc3 Ke8 33.Rc7 b5 34.e5 
b4 35.Re7+ Kf8 36.Rb7 Ke8 37.Rxb4 a5 38.Rb7 a4 39.Re7+ Kf8 40.e6 fxe6 41.
Rxe6 Rd2 42.Re7 a3 43.Rxh7 a2 44.Ra7 Rd1+ 45.Kf2 a1=Q 46.Rxa1 Rxa1 47.g4 
Ra3 48.h4 Kf7 49.h5 Kf6 50.h6 Kg6 51.g5 Rd3 52.Ke2 Rxd6 53.Kf3 Kxg5 0-1

[Event "30th WCh U20 Girls"]
[Site "Athens GRE"]
[Date "2012.08.07"]
[Round "6"]
[White "Tuzi, Bruna"]
[Black "Terzidaki, Alexandra"]
[Result "0-1"]
[WhiteElo "1546"]
[BlackElo "1958"]
[EventDate "2012.08.02"]
[PlyCount "52"]

1.e4 e6 2.d4 d5 3.exd5 exd5 4.Nf3 c5 5.dxc5 Bxc5 6.Bd3 Nf6 7.O-O O-O 8.h3 
Nc6 9.Nbd2 Nb4 10.Nb3 Nxd3 11.Qxd3 Bb6 12.Bg5 h6 13.Bxf6 Qxf6 14.Nbd4 Be6 
15.c3 g5 16.Rae1 Rad8 17.Ne5 h5 18.g4 Kg7 19.Kg2 Bc7 20.Ndf3 d4 21.cxd4 
hxg4 22.hxg4 Rh8 23.Qe3 Bd5 24.Rh1 Rde8 25.Rxh8 Rxh8 26.Rh1 Rxh1 0-1

[Event "30th WCh U20 Girls"]
[Site "Athens GRE"]
[Date "2012.08.07"]
[Round "6"]
[White "Koutsogiannopoulou, Theodora"]
[Black "Psofimi, Milia"]
[Result "1-0"]
[WhiteElo "1897"]
[BlackElo "1437"]
[EventDate "2012.08.02"]
[PlyCount "123"]

1.e4 e5 2.Nf3 Nf6 3.Nc3 Nc6 4.d4 exd4 5.Nxd4 Ne7 6.f4 d6 7.Be2 h6 8.O-O 
Ng6 9.Be3 d5 10.e5 Ne4 11.Nxe4 dxe4 12.c3 c5 13.Nb3 Qxd1 14.Raxd1 b6 15.
Bb5+ Ke7 16.Bc6 Rb8 17.Bxe4 Nh4 18.f5 g6 19.f6+ Ke6 20.Bd5+ Kd7 21.Bxf7+ 
Kc7 22.e6 Bd6 23.Rxd6 Kxd6 24.Bf4+ Kc6 25.Bxb8 Bxe6 26.Bxe6 Rxb8 27.f7 Rf8
28.g3 Nf5 29.Bxf5 gxf5 30.Rxf5 Kd7 31.Nd2 Ke6 32.Rf1 Rxf7 33.Rxf7 Kxf7 34.
Kf2 Kf6 35.Kf3 h5 36.Kf4 Kg6 37.h4 Kf6 38.Ne4+ Kg6 39.Nd6 a6 40.Nc8 b5 41.
Ne7+ Kf6 42.Nd5+ Ke6 43.Nc7+ Kf6 44.Nxa6 c4 45.Nc7 Kg6 46.Nxb5 Kf6 47.a4 
Ke6 48.a5 Kd7 49.a6 Kc6 50.a7 Kb7 51.Kg5 Ka8 52.Kxh5 Kb7 53.g4 Ka8 54.g5 
Kb7 55.g6 Ka8 56.g7 Kb7 57.g8=Q Kb6 58.Qxc4 Kb7 59.Qc7+ Ka6 60.a8=Q+ Kxb5 
61.Qab8+ Ka4 62.Qca7# 1-0

[Event "30th WCh U20 Girls"]
[Site "Athens GRE"]
[Date "2012.08.08"]
[Round "7"]
[White "Kashlinskaya, Alina"]
[Black "Bulmaga, Irina"]
[Result "1/2-1/2"]
[WhiteElo "2391"]
[BlackElo "2380"]
[EventDate "2012.08.02"]
[PlyCount "125"]

1.d4 d5 2.c4 c6 3.Nc3 Nf6 4.e3 a6 5.Nf3 e6 6.b3 Bb4 7.Bd2 Nbd7 8.Bd3 O-O 
9.O-O Bd6 10.Re1 h6 11.Qc2 e5 12.cxd5 cxd5 13.e4 dxe4 14.Nxe4 Nxe4 15.Rxe4
Nf6 16.dxe5 Nxe4 17.Bxe4 Be7 18.Rd1 Bg4 19.Bxb7 Rb8 20.Bxa6 Bxf3 21.gxf3 
Qd5 22.Bc3 Qxf3 23.Be2 Qc6 24.Bc4 Rbd8 25.Rxd8 Rxd8 26.Ba5 Rc8 27.Qf5 Rf8 
28.Bc3 g6 29.Qg4 Kh7 30.a4 f5 31.Qg2 Qc8 32.Qd5 f4 33.Qe6 Qd8 34.Qd5 Qc8 
35.Qe6 Qd8 36.Bd5 f3 37.Ba5 Qe8 38.Bc6 Qf7 39.Qxf7+ Rxf7 40.Bc3 Rf8 41.Ba5
Rb8 42.Bd5 g5 43.h3 Kg6 44.Bc7 Rc8 45.Bd6 Bxd6 46.exd6 Kf6 47.Kh2 Ke5 48.
d7 Rd8 49.Bc6 Kd6 50.Bb5 h5 51.Kg3 Rf8 52.h4 gxh4+ 53.Kxh4 Kc7 54.Kxh5 Rg8
55.a5 Rg2 56.a6 Rxf2 57.a7 Rh2+ 58.Kg6 Rh8 59.Kf6 Kb7 60.Ke7 Kxa7 61.d8=Q 
Rxd8 62.Kxd8 Kb6 63.Bf1 1/2-1/2